000 00560nam a2200193 u 4500
001 000751220
003 AM-YeHGA
005 20250617143557.0
008 100716s1969 ||| r 000 0 rus d
040 _aAM-YeHGA
041 0 _arus
245 0 0 _aМолодые голоса /
_cРед. Д. Осипов.
260 _aСмоленск :
_bБ. и.,
_c1969.
300 _a32 с.
440 0 _a50 лет "Pабочий путь"
653 0 _aРусская советская поэзия
700 1 _aОсипов, Д.
_eред.
_4edt
090 _c279217
999 _c277566
_d277566